| 000 | 00510pab a2200193 454500 | ||
|---|---|---|---|
| 008 | 180718b2010 xxu||||| |||| 00| 0 eng d | ||
| 100 | _aMichels, Ank | ||
| 245 | _aExamining citizen participation: Local participatory policy making and democracy | ||
| 260 | _c2010 | ||
| 300 | _ap.477-491. | ||
| 362 | _aAug | ||
| 650 | _aDemocracy | ||
| 650 | _aWorkers participation | ||
| 650 | _aPolicy making | ||
| 700 | _aGraaf, Laurens De | ||
| 773 | _aLocal Government Studies | ||
| 908 | _aN | ||
| 909 | _a89807 | ||
| 999 |
_c89807 _d89807 |
||